U.S. Landmarks - Sudden Death - Statistics

General Stats
  • This quiz has been taken 690 times
  • The average score is 13 of 16
Answers on the Grid
Answers color-coded by a green-red scale on the quiz's grid according to % correct below.
Statue of Liberty
Eiffel Tower
Big Ben
Las Vegas Strip
Roman Colosseum
Hollywood Sign
Golden Gate Bridge
Christ the Redeemer
Washington Monument
Victoria Falls
Grand Canyon
The Acropolis
Stonehenge
Taj Mahal
Niagara Falls
Great Barrier Reef
Mount Rushmore
Table Rock
Monument Valley
The Alamo
Chichén Itzá
Space Needle
Burj Khalifa
Old Faithful
Empire State Building
The Pantheon
Gateway Arch
Pyramids of Giza
White House
Leaning Tower
Tower Bridge
Cape Canaveral
 
Answer Stats
Answer % Correct
Statue of Liberty
99%
Washington Monument
95%
Golden Gate Bridge
94%
Hollywood Sign
94%
Grand Canyon
92%
Las Vegas Strip
92%
Mount Rushmore
92%
Empire State Building
89%
White House
89%
The Alamo
80%
Niagara Falls
79%
Space Needle
77%
Gateway Arch
72%
Old Faithful
70%
Cape Canaveral
64%
Monument Valley
61%
No matching quizzes found
Score Distribution
Percent of People with Each Score
Percentile by Number Answered
Your Score History
You have not taken this quiz